Ecevit'in düşünsel ve eylemsel sapmalarının eleştirisi (Record no. 3940)

MARC details
000 -BAŞLIK
Sabit Uzunlukta Kontrol Alanı 00896na a2200253 4500
001 - KONTROL NUMARASI
Denetim Alanı 18194
003 - KONTROL NUMARASI IDENTIFIER
Denetim Alanı MIRAKIL
005 - SON İŞLEM TARİHİ VE ZAMANI
Denetim Alanı 20181213154948.0
008 - SABİT-BOY VERİ ELEMANLARI - GENEL BİLGİLER
Sabit Uzunlukta Kontrol Alanı 161114b tu 000 0
040 ## - KATALOGLAMA KAYNAK
Orijinal Kataloglama Ajansı Milas
Kataloglama Dili tur
Metne Dönüştürmek Ajansı TR-AnCHP
041 ## - DİL KODU
Metin / Ses Parça Veya Ayrı Başlığın Dil Kodu tur
082 ## - DEWEY ONLU SINIFLANDIRMA NUMARASI
Sınıflandırma Numarası CHP 923.2
Ürün Numarası Ecevit T66e 1992
090 ## - SINIFLAMA NUMARASI
Sınıflama Numarası CHP 923.2 Ecevit T66e 1992
100 ## - ANA GİRİŞ - KİŞİSEL İSİM
Kişisel Ad Toprakoğlu, Celal
245 ## - BAŞLIK TABLOSU
Başlık Ecevit'in düşünsel ve eylemsel sapmalarının eleştirisi
Başlığın Kalan Türk ordusu gerici mi?
-- Ecevit'in "askeri çağırma çığırtkanlığı"
-- Ecevit'in düşünce kofluğu
Sorumluluk Tablosu, Vb Celal Toprakoğlu
246 ## - UNVAN FORM VARYING
Başlık Doğru / Kısa Başlığı Ecevit'in düşünce kofluğu
246 ## - UNVAN FORM VARYING
Başlık Doğru / Kısa Başlığı Ecevit'in "askeri çağırma çığırtkanlığı"
246 ## - UNVAN FORM VARYING
Başlık Doğru / Kısa Başlığı Türk ordusu gerici mi?
260 ## - YAYIN, DAĞITIM, VB
Yayın, Dağıtım, Vb Yeri İstanbul
Yayıncı, Dağıtıcı, Vs Adı Demos Yayıncılık
Yayın, Dağıtım, Vb Tarihi 1992
300 ## - FİZİKSEL TANIM
Kapsam 168 s.
Boyutlar 19 sm.
600 ## - KONU KATMA GİRİŞ - KURUMSAL ADI
Kişisel Ad Ecevit, Bülent
Genel Alt Bölümü Siyaset
Kronolojik Alt Bölümü Eleştiriler
610 ## - KONU KATMA GİRİŞ - TOPLANTI ADI
Giriş Elemanı Olarak Kurumsal Ad Veya Yargı Alanı Adı CHP
942 ## - EKLENDİ GİRİŞ ELEMANLARI (KOHA)
Sınıflandırma Veya Raf Düzeni Kaynak
Koha Öğesi Türü Books
999 ## - SİSTEM KONTROL NUMARALARI (KOHA)
Koha Biblionumber 3940
Koha Biblioitemnumber 3940
Holdings
Kalıcı Konum Mevcut Konum Edinme Tarihi Edinim Kaynak Toplam Check-Out'Lar Tam Çağrı Numarası Barkod Tarih Son Görülme İtibaren Geçerli Fiyatlar Koha Öğesi Türü
CHP Kütüphanesi CHP Kütüphanesi 11/14/2016 Bağış   CHP 923.2 Ecevit T66e 1992 009809 11/14/2016 11/14/2016 Books